Critics Della Ragione Pratica

সংরক্ষণ করুন:
গ্রন্থ-পঞ্জীর বিবরন
প্রধান লেখক: Immanuel Kant
বিন্যাস: গ্রন্থ
ভাষা:অজানা বা ভুল ভাষা
প্রকাশিত: Rizzoli
ট্যাগগুলো: ট্যাগ যুক্ত করুন
কোনো ট্যাগ নেই, প্রথমজন হিসাবে ট্যাগ করুন!

MARC

LEADER 00000nam a2200000Ia 4500
001 R-1999
003 CODICE-MESSINA
005 20260212102525.0
008 260211s9999 xx 000 0 und d
040 |c importazione_messina 
100 |a Immanuel Kant 
245 0 |a Critics Della Ragione Pratica 
260 |b Rizzoli 
942 |2 ddc  |c BK 
952 |0 0  |1 0  |2 ddc  |4 0  |6 SCAFFALE_20_000000000000000__STANZA_2__ROMANZI  |7 0  |9 32840  |a ME  |b ME  |d 2026-02-11  |l 0  |o SCAFFALE 20 - STANZA 2 - ROMANZI   |p R-1999  |r 2026-02-11 23:53:26  |w 2026-02-11  |x [REVISIONARE]  |y BK 
999 |c 28507  |d 28507